000 00833nam a2200253Ia 4500
001 dia_4361
003 CHAP
005 20251015145743.0
008 220117s1983 xx 000 0 und d
010 _a175006
040 _cCHAP
_amxchpua
_erda
090 _aFOLLETO 2262
100 _aRamírez Zamora, Rosalio
_994342
245 _aLogros y aportaciones de la investigación agrícola en los cultivos de coco y palma africana /
_c Rosalio Ramírez Zamora
260 _aMéxico :
_b INIA,
_c1983
300 _a15 p.
500 _aS/c (Publicación especial, 110)
650 _aCoco
_xCultivo
_9155808
700 _aInstituto nacional de investigaciones agrícolas. México
_9155715
901 _aFOLLETO 2262
902 _aM
905 _a0000001983 mx 0000000000spa00
942 _cFOLL
_2local
999 _c175006
_d175006